MARC details
| 000 -LEADER |
| fixed length control field |
03373cam a2200529 a 4500 |
| 003 - CONTROL NUMBER IDENTIFIER |
| control field |
data |
| 005 - DATE AND TIME OF LATEST TRANSACTION |
| control field |
20260322212013.0 |
| 008 - FIXED-LENGTH DATA ELEMENTS--GENERAL INFORMATION |
| fixed length control field |
data |
| 010 ## - LIBRARY OF CONGRESS CONTROL NUMBER |
| LC control number |
2009050092 |
| 020 ## - INTERNATIONAL STANDARD BOOK NUMBER |
| International Standard Book Number |
9780399254123 |
| Qualifying information |
(hbk.) |
| 020 ## - INTERNATIONAL STANDARD BOOK NUMBER |
| International Standard Book Number |
0399254129 |
| Qualifying information |
(hbk.) |
| 020 ## - INTERNATIONAL STANDARD BOOK NUMBER |
| International Standard Book Number |
9780143205418 |
| 020 ## - INTERNATIONAL STANDARD BOOK NUMBER |
| International Standard Book Number |
0143205412 |
| 020 ## - INTERNATIONAL STANDARD BOOK NUMBER |
| International Standard Book Number |
9780142420591 |
| 020 ## - INTERNATIONAL STANDARD BOOK NUMBER |
| International Standard Book Number |
014242059X |
| 037 ## - SOURCE OF ACQUISITION |
| Source of stock number/acquisition |
Penguin Group USA, Order Processing Dept 120 Woodbine st, Bergenfield, NJ, USA, 07621 |
| Note |
SAN 201-3975 |
| 040 ## - CATALOGING SOURCE |
| Original cataloging agency |
DLC |
| Language of cataloging |
eng |
| Transcribing agency |
DLC |
| Modifying agency |
DAY |
| -- |
YDXCP |
| -- |
CDC |
| -- |
IK2 |
| -- |
NTE |
| -- |
VP@ |
| -- |
WAU |
| -- |
LKRBL |
| -- |
OXF |
| -- |
EHH |
| -- |
BDX |
| -- |
OCLCO |
| -- |
OCLCF |
| -- |
CZL |
| -- |
OCLCO |
| -- |
OCLCQ |
| -- |
OCLCO |
| -- |
SAA |
| -- |
GBVCP |
| -- |
OCLCO |
| -- |
OCLCQ |
| -- |
OCLCO |
| -- |
OCL |
| -- |
DGU |
| -- |
OCLCO |
| -- |
LTP |
| -- |
TDS |
| -- |
FEM |
| -- |
OCL |
| -- |
CHY |
| -- |
NZPWA |
| -- |
TXNES |
| -- |
NZIPP |
| -- |
SFR |
| -- |
OCLCQ |
| -- |
OCLCO |
| -- |
PX9 |
| -- |
TXSVP |
| -- |
KJ6 |
| -- |
IGA |
| -- |
QT7 |
| -- |
TXUPP |
| -- |
OCLCQ |
| -- |
OCLCO |
| -- |
CCH |
| -- |
O2C |
| -- |
BRL |
| -- |
DAY |
| 042 ## - AUTHENTICATION CODE |
| Authentication code |
pcc |
| -- |
pcc |
| 043 ## - GEOGRAPHIC AREA CODE |
| Geographic area code |
e-li--- |
| 050 00 - LIBRARY OF CONGRESS CALL NUMBER |
| Classification number |
PZ7.S47957 |
| Item number |
Be 2011 |
| 050 04 - LIBRARY OF CONGRESS CALL NUMBER |
| Classification number |
PS3619.E685 |
| Item number |
B48 2011 |
| 082 00 - DEWEY DECIMAL CLASSIFICATION NUMBER |
| Classification number |
[Fic] |
| Edition information |
22 |
| 082 04 - DEWEY DECIMAL CLASSIFICATION NUMBER |
| Classification number |
813.6 |
| Edition information |
23 |
| 099 ## - LOCAL FREE-TEXT CALL NUMBER (OCLC) |
| Classification number |
SEPETR |
| 001 - CONTROL NUMBER |
| control field |
data |
| 100 1# - MAIN ENTRY--PERSONAL NAME |
| Personal name |
Sepetys, Ruta, |
| Relator term |
author. |
| 245 10 - TITLE STATEMENT |
| Title |
Between shades of gray / |
| Statement of responsibility, etc. |
Ruta Sepetys. |
| 260 ## - PUBLICATION, DISTRIBUTION, ETC. |
| Place of publication, distribution, etc. |
New York : |
| Name of publisher, distributor, etc. |
Philomel Books, |
| Date of publication, distribution, etc. |
2011. |
| 300 ## - PHYSICAL DESCRIPTION |
| Extent |
344 pages : |
| Other physical details |
maps ; |
| Dimensions |
22 cm. |
| 336 ## - CONTENT TYPE |
| Content type term |
text |
| Content type code |
txt |
| Source |
rdacontent |
| 337 ## - MEDIA TYPE |
| Media type term |
unmediated |
| Media type code |
n |
| Source |
rdamedia |
| 338 ## - CARRIER TYPE |
| Carrier type term |
volume |
| Carrier type code |
nc |
| Source |
rdacarrier |
| 365 ## - TRADE PRICE |
| Price type code |
01 |
| Price amount |
7.99 |
| 490 0# - SERIES STATEMENT |
| Series statement |
Texas Lone Star Reading List, 2012-2013 |
| 505 0# - FORMATTED CONTENTS NOTE |
| Formatted contents note |
Lina is a fifteen-year-old Lithuanian girl. She paints, she draws, she gets crushes on boys. She's just like any other girl. Until one night in 1941, when Soviet officers barge into her home, tearing her family from the comfortable life they've known. Separated from her father, forced onto a crowded train car, Lina, her mother, and her young brother are taken slowly north to a Siberian work camp, where they are forced to dig for beets and fight for their lives under the harshest of conditions. Stalin has deported them and is claiming their home as his own. Suffering abuse both physical and emotional, Lina finds solace in her art, meticulously -- and at a great personal risk --documenting events by drawing. She imbeds clues in her art of their location and secretly passes them along, attempting to contact her father, hoping the drawings will eventually make their way to his prison camp. It is a long and harrowing journey, spanning years, covering 6,500 miles. Many lives were lost, but it was their incredible strength, love, and hope that allowed Lina and her brother to endure and ultimately survive. |
| 520 ## - SUMMARY, ETC. |
| Summary, etc. |
In 1941, fifteen-year-old Lina, her mother, and brother are pulled from their Lithuanian home by Soviet guards and sent to Siberia, where her father is sentenced to death in a prison camp while she fights for her life, vowing to honor her family and the thousands like hers by burying her story in a jar on Lithuanian soil. Based on the author's family, includes a historical note. |
| 521 8# - TARGET AUDIENCE NOTE |
| Target audience note |
490 |
| Source |
Lexile. |
| 521 1# - TARGET AUDIENCE NOTE |
| Target audience note |
012-up. |
| 650 #0 - SUBJECT ADDED ENTRY--TOPICAL TERM |
| Topical term or geographic name entry element |
Labor camps |
| Form subdivision |
Fiction. |
| 651 #0 - SUBJECT ADDED ENTRY--GEOGRAPHIC NAME |
| Geographic name |
Lithuania |
| General subdivision |
History |
| Chronological subdivision |
Soviet occupation, 1940-1941 |
| Form subdivision |
Juvenile fiction. |
| 655 #7 - INDEX TERM--GENRE/FORM |
| Genre/form data or focus term |
Young adult works. |
| Source of term |
fast |
| Authority record control number or standard number |
(OCoLC)fst01726790 |
| 655 #7 - INDEX TERM--GENRE/FORM |
| Genre/form data or focus term |
Fiction. |
| Source of term |
fast |
| Authority record control number or standard number |
(OCoLC)fst01423787 |
| 655 #7 - INDEX TERM--GENRE/FORM |
| Genre/form data or focus term |
History. |
| Source of term |
fast |
| Authority record control number or standard number |
(OCoLC)fst01411628 |
| 655 #7 - INDEX TERM--GENRE/FORM |
| Genre/form data or focus term |
Juvenile works. |
| Source of term |
fast |
| Authority record control number or standard number |
(OCoLC)fst01411637 |
| 655 #7 - INDEX TERM--GENRE/FORM |
| Genre/form data or focus term |
Historical fiction. |
| Source of term |
gsafd |
| 655 #7 - INDEX TERM--GENRE/FORM |
| Genre/form data or focus term |
Young adult fiction. |
| Source of term |
lcgft |